| 000 | 00316 a2200133 4500 | ||
|---|---|---|---|
| 999 |
_c325398 _d325398 |
||
| 001 | 90325 | ||
| 003 | NUST | ||
| 082 | _a891.4391 ANW | ||
| 100 |
_aAnwar Masood _91453 |
||
| 245 |
_aMaili Maili Dhoop _hUrdu |
||
| 260 |
_aLahore _bDost Publications _c2010 |
||
| 300 | _a141p. | ||
| 500 | _aGeneral Books | ||
| 942 |
_aCAE NUST _cBK _k891.4391 ANW _2ddc |
||